1152 1695 1502 1356 1933 1140 1573 1322 1859 1459 1323 1452 1599 1856 1891 1072 1499 1965 1944 1765 1769 1369 1530 1068 1837 1492 1095 1521 1574 1755 1724 1508 1594 1224 1795 1413 1895 1905 1475 1814 1501 1472 1250 1291 1370 1289 1873 1316 1270 1003 1530 1628 1200 1849 1506 1988 1968 1603 1453 1041 1940 1917 1127 1278 1774 1462 1699 1728 1623 1575 1238 1134 1022 1424 1631 1298 1796 1381 1448 1322 1941 1524 1875 1539 1829 1625 1677 1273 1496 1174 1162 1696 1687 1883 1737 1356 1989 1317 1132 BCNSPRNW ULIB Ver.6.0+V

เปลี่ยนเป็นภาษาไทย

Change to English
 แสดงรายละเอียดบรรณานุกรม
  กลับหน้าหลัก

Brief Record : Get Marc (ISO 2709) : E-mail record : QR code < ปิดหน้าต่าง
LEADER : 00000nam 2200000uu 4500
001    13399123149
003     ULIB
008    140403s2545||||th 000 0 tha d
020    ^a9789740427919
050    ^a BQ......^bห338จ
100    ^aหลี่ หงจื้อ
245    ^aจ้วนฝ่าหลุน ^cหลี่ หงจื้อ
250    ^aพิมพ์ครั้งที่ 4
260    ^aกรุงเทพฯ :^bศรีบูรณ์คอมพิวเตอร์-การพิมพ์,^c2545
300    ^a415 หน้า;^b8.5 ซม.
650    ^aธรรมะในชีวิตประจำวัน^xจ้วนฝ่าหลุน
945    ^p180^l0^i034412
999    ^aเกษร โพธิ์สุวรรณ
รายการนี้ยังไม่มีแท็ก
คุณยังไม่ได้ล็อกอิน คุณสามารถมีกิจกรรมร่วมกับเว็บไซต์ได้ แต่ต้องล็อกอินก่อน ::
  ล็อกอิน

รายการสื่อสารสนเทศ

ลำดับที่ ประเภท เลขเรียก/บาร์โค้ด สถานที่ สถานะ
1. การศึกษาทั่วไป
การศึกษาทั่วไป
BQ...... ห338จ ฉ.1 
  Barcode: 034412
ห้องสมุดวิทยาเขตสวรรค์ประชารักษ์
►หนังสือทั่วไป
บนชั้น

BibComment


ยังไม่เคยถูกคอมเมนท์

คอมเมนท์ทรัพยากรรายการนี้
  คอมเมนท์: จ้วนฝ่าหลุน หลี..


 Copyright 2026. Bcnsprnw @Library